000 00360nam a2200145Ia 4500
008 100122s9999 xx 000 0 und d
082 _b69114
_a181.4
100 _aपै शिरीष
245 _aओशो
260 _bप्रतीक प्रकाशन
_c2005
300 _a120
630 _aओशो
730 _aओशो
942 _cBOOK
999 _c440565
_d440562